[Event "Bahn-SC Wuppertal 1 - SK Königsspringer"]
[Site "Oberliga NRW 2016/2017"]
[Date "2017.05.21"]
[Round "9.8"]
[White "Peters, Ortwin"]
[Black "Wahl, Carsten"]
[Result "1/2-1/2"]
[WhiteElo "1904"]
[BlackElo "1706"]
[PlyCount "25"]
[EventDate "2017.??.??"]
[WhiteTeam "Bahn-SC Wuppertal 1"]
[BlackTeam "SK Königsspringer Iserlohn 1"]

1. c4 e6 2. Nc3 f5 3. Nf3 Nf6 4. d4 d5 5. g3 Be7 6. Bg2 O-O 7. O-O c6 8. Qc2
Ne4 9. Bf4 Nd7 10. Rad1 Ndf6 11. Ne5 Bd7 12. f3 Nxc3 13. Qxc3 1/2-1/2

[Event "Oberliga NRW"]
[Site "Aachen"]
[Date "2017.05.21"]
[Round "9"]
[White "Arndt, Stefan"]
[Black "Buscher, Michael"]
[Result "1/2-1/2"]
[WhiteElo "2185"]
[BlackElo "2396"]
[PlyCount "45"]
[EventDate "2017.??.??"]
[WhiteTeam "SG Ennepe-Ruhr-Süd"]
[BlackTeam "DJK Aufwärts Aachen II"]

1. e4 c5 2. Nf3 d6 3. d4 Nf6 4. Nc3 cxd4 5. Nxd4 Nc6 6. Be2 e5 7. Nf3 h6 8. O-O
Be6 9. Re1 Be7 10. h3 d5 11. Bb5 d4 12. Nd5 Nxd5 13. exd5 Bxd5 14. Nxe5 O-O 15.
Bxc6 Bxc6 16. Nxc6 bxc6 17. Qg4 Kh8 18. Qe4 Bf6 19. Bd2 c5 20. b3 Qd7 21. Qf3
Kh7 22. Rad1 Rac8 23. Qd3+ 1/2-1/2

[Event "Oberliga NRW"]
[Site "Aachen"]
[Date "2017.05.21"]
[Round "9"]
[White "van Dooren, Dirk"]
[Black "Tropiolsky, Eugen"]
[Result "1-0"]
[WhiteElo "2346"]
[BlackElo "2308"]
[PlyCount "59"]
[EventDate "2017.??.??"]
[WhiteTeam "DJK Aufwärts Aachen II"]
[BlackTeam "SG Ennepe-Ruhr-Süd"]

1. e4 d6 2. d4 Nf6 3. Nc3 g6 4. Be3 c6 5. Qd2 Nbd7 6. f3 b5 7. Bd3 Bg7 8. h4
Nb6 9. b3 h5 10. Nh3 Bxh3 11. Rxh3 Qc7 12. Kf2 a5 13. a4 b4 14. Ne2 c5 15. Bb5+
Nfd7 16. dxc5 dxc5 17. Rc1 O-O 18. c3 bxc3 19. Nxc3 Ne5 20. Nd5 Nxd5 21. Rxc5
Qb8 22. exd5 Rd8 23. Rh1 Qb6 24. Rhc1 Qf6 25. Bg5 Qf5 26. Bxe7 Bh6 27. Bg5 Bf8
28. Bxd8 Bxc5+ 29. Rxc5 Rxd8 30. Qg5 1-0

[Event "Oberliga NRW"]
[Site "Aachen"]
[Date "2017.05.21"]
[Round "9"]
[White "Heller, Aachim"]
[Black "Skulener, Wladimir"]
[Result "0-1"]
[WhiteElo "2121"]
[BlackElo "2392"]
[PlyCount "112"]
[EventDate "2017.??.??"]
[WhiteTeam "SG Ennepe-Ruhr-Süd"]
[BlackTeam "DJK Aufwärts Aachen II"]

1. d4 f5 2. g3 Nf6 3. Bg2 g6 4. Nf3 Bg7 5. c4 O-O 6. O-O d6 7. Nc3 c6 8. d5 e5
9. dxe6 Bxe6 10. Qd3 Na6 11. Bf4 Qa5 12. a3 Nc5 13. Qc2 Nce4 14. Nxe4 Nxe4 15.
Ng5 Nxg5 16. Bxg5 Qc7 17. Rad1 Qf7 18. Bf4 Bxc4 19. Rxd6 Rad8 20. Rc1 Bb3 21.
Qc5 Rxd6 22. Bxd6 Re8 23. Bf3 a6 24. Qb4 Rd8 25. Bc5 Bf6 26. e3 Rd7 27. Rb1 Ba2
28. Ra1 Qb3 29. Be2 Qxb4 30. Bxb4 Bd5 31. Bc3 Bxc3 32. bxc3 Bb3 33. Rb1 Bc2 34.
Rb2 Bd1 35. Kf1 Kf7 36. Bxd1 Rxd1+ 37. Ke2 Rd7 38. a4 b5 39. Ra2 Ke6 40. axb5
axb5 41. h4 Kd6 42. Rd2+ Kc7 43. Rd4 c5 44. Rf4 Kd6 45. f3 Ra7 46. h5 Ra2+ 47.
Kd1 Rf2 48. hxg6 hxg6 49. g4 Ke5 50. gxf5 gxf5 51. Rh4 Rxf3 52. Ke2 Rg3 53. Rh8
Rg2+ 54. Kf3 Rb2 55. Rh4 Rb3 56. c4 Rb4 0-1

[Event "Oberliga NRW"]
[Site "Aachen"]
[Date "2017.05.21"]
[Round "9"]
[White "Gulbas, Cemil"]
[Black "Osswald, Luis Monty"]
[Result "1-0"]
[WhiteElo "2370"]
[BlackElo "2139"]
[PlyCount "95"]
[EventDate "2017.??.??"]
[WhiteTeam "DJK Aufwärts Aachen II"]
[BlackTeam "SG Ennepe-Ruhr-Süd"]

1. e4 c5 2. Nf3 Nc6 3. d4 cxd4 4. Nxd4 Nf6 5. Nc3 e5 6. Ndb5 d6 7. Bg5 a6 8.
Na3 b5 9. Bxf6 gxf6 10. Nd5 f5 11. c3 Bg7 12. exf5 Bxf5 13. Nc2 O-O 14. Nce3
Be6 15. Bd3 f5 16. O-O Ra7 17. f4 Nd4 18. cxd4 exd4 19. Bxf5 Bxf5 20. Nxf5 Rxf5
21. Nb4 Raf7 22. Nd3 Re7 23. Rc1 Qa8 24. Qg4 Rf8 25. Rfe1 Qe8 26. Rxe7 Qxe7 27.
Re1 Qf7 28. Qe6 Rd8 29. Kf2 Qxe6 30. Rxe6 Kf7 31. Re2 Rc8 32. Ke1 a5 33. Kd1
Rc4 34. Nf2 Bf6 35. b3 Rc7 36. Rc2 Re7 37. Rc6 a4 38. Rxd6 axb3 39. axb3 Re3
40. Rxf6+ Kxf6 41. Ng4+ Kf5 42. Nxe3+ dxe3 43. g3 b4 44. Ke2 Ke4 45. h3 h6 46.
f5 Kxf5 47. Kxe3 h5 48. Kd3 1-0

[Event "Oberliga NRW"]
[Site "Aachen"]
[Date "2017.05.21"]
[Round "9"]
[White "Bruchmann, Norbert"]
[Black "Lenaerts, Lennert"]
[Result "0-1"]
[WhiteElo "2074"]
[BlackElo "2282"]
[PlyCount "107"]
[EventDate "2017.??.??"]
[WhiteTeam "SG Ennepe-Ruhr-Süd"]
[BlackTeam "DJK Aufwärts Aachen II"]

1. e4 e5 2. Nf3 Nc6 3. Bc4 Bc5 4. c3 Nf6 5. d3 d6 6. Bb3 a6 7. h3 h6 8. Nbd2
Ba7 9. Nf1 Be6 10. Bc2 Qd7 11. Ng3 d5 12. Qe2 O-O-O 13. Ba4 b5 14. Bb3 Rhe8 15.
Be3 dxe4 16. Bxe6 Rxe6 17. dxe4 Bxe3 18. Qxe3 Qd3 19. Qxd3 Rxd3 20. Rd1 Rxd1+
21. Kxd1 Rd6+ 22. Ke2 g6 23. h4 h5 24. Ng5 Nd8 25. f3 Nd7 26. Nf1 Nc5 27. Ne3
Nd3 28. Nh3 Ne6 29. g3 Nxb2 30. Nf2 c6 31. Rc1 f6 32. Rc2 Na4 33. Nd3 a5 34. a3
Kc7 35. Nb2 Nxb2 36. Rxb2 Nc5 37. c4 Nd3 38. Rb1 b4 39. axb4 axb4 40. Nd5+ cxd5
41. Kxd3 dxe4+ 42. Ke3 Rd3+ 43. Ke2 Rxf3 44. Rxb4 Rxg3 45. c5 Kc6 46. Rb6+ Kxc5
47. Rxf6 Kd5 48. Ra6 e3 49. Ra4 Ke6 50. Ra1 Kf5 51. Ra4 Rg4 52. Ra8 Rxh4 53.
Kxe3 Rh3+ 54. Kf2 0-1

[Event "Oberliga NRW"]
[Site "Aachen"]
[Date "2017.05.21"]
[Round "9"]
[White "Jügel, Marcel"]
[Black "Dr. Schäfer, Martin"]
[Result "1/2-1/2"]
[WhiteElo "2207"]
[BlackElo "1970"]
[PlyCount "174"]
[EventDate "2017.??.??"]
[WhiteTeam "DJK Aufwärts Aachen II"]
[BlackTeam "SG Ennepe-Ruhr-Süd"]

1. d4 f5 2. Bg5 h6 3. Bh4 g5 4. e4 Bg7 5. Nc3 e6 6. Qh5+ Kf8 7. Bg3 f4 8. Bxf4
gxf4 9. Nh3 Bxd4 10. O-O-O Qf6 11. Rd3 Bxc3 12. Rxc3 Nc6 13. g3 Nge7 14. Rf3
Qg6 15. Rxf4+ Ke8 16. Qf3 Nd4 17. Qe3 e5 18. Rh4 d6 19. c3 Ndc6 20. f4 Qg7 21.
Be2 Bxh3 22. Rxh3 Kd7 23. Rh5 Raf8 24. Rd1 Kc8 25. f5 a6 26. b4 Ng8 27. Kb2 Nf6
28. Rh4 Qg5 29. Qf2 Kb8 30. a4 Na7 31. Qf1 Qe3 32. Rd3 Qb6 33. a5 Qc6 34. Qh1
Rd8 35. Bf3 Qa4 36. Bd1 Qb5 37. Be2 c5 38. Rd2 Qa4 39. Bd1 Qc6 40. Qe1 cxb4 41.
cxb4 Qc4 42. Rc2 Qd4+ 43. Kb3 Rc8 44. Qd2 Nb5 45. Rxc8+ Rxc8 46. Qxd4 Nxd4+ 47.
Kb2 Rc4 48. Rxh6 Nxe4 49. f6 Rc8 50. f7 Rf8 51. Bh5 Kc7 52. Bg6 Ng5 53. h4 Ngf3
54. Rh7 d5 55. Rg7 Kd6 56. h5 Ng5 57. h6 Ke7 58. h7 Nde6 59. Rg8 Nxh7 60. Bxh7
Rxf7 61. Rb8 Nd8 62. Bg8 Rf2+ 63. Kc1 d4 64. Bd5 Kd7 65. g4 Rf1+ 66. Kc2 Rg1
67. Be4 Kc7 68. Ra8 Rxg4 69. Bf5 Rg2+ 70. Kb3 Nc6 71. Kc4 Rg3 72. Rh8 Ne7 73.
Bd3 Rg1 74. Bc2 Rc1 75. Kb3 Nc6 76. Rh7+ Kb8 77. Rh8+ Ka7 78. Rh2 Re1 79. Kc4
e4 80. Ba4 d3 81. Bxc6 bxc6 82. Kc5 e3 83. Rh7+ Kb8 84. Kd6 d2 85. Rh8+ Kb7 86.
Rh7+ Kb8 87. Rh8+ Kb7 1/2-1/2

[Event "Oberliga NRW"]
[Site "Aachen"]
[Date "2017.05.21"]
[Round "9"]
[White "Diegel, Jonas"]
[Black "Tochtenhagen, Wolfgang"]
[Result "1/2-1/2"]
[WhiteElo "1554"]
[BlackElo "2109"]
[PlyCount "49"]
[EventDate "2017.??.??"]
[WhiteTeam "SG Ennepe-Ruhr-Süd"]
[BlackTeam "DJK Aufwärts Aachen II"]

1. d4 g6 2. c4 Bg7 3. Nf3 c5 4. d5 d6 5. Qc2 Nf6 6. Nc3 O-O 7. e4 e6 8. Bd3 Na6
9. a3 exd5 10. cxd5 Nc7 11. O-O Rb8 12. Rb1 b5 13. b3 a5 14. Nd2 Ng4 15. Ne2
Ne5 16. Bb2 Ba6 17. Rfe1 c4 18. bxc4 bxc4 19. Bxc4 Rxb2 20. Rxb2 Nxc4 21. Nxc4
Bxc4 22. Rbb1 Bxe2 23. Qxe2 Bd4 24. Rb7 Ne8 25. g3 1/2-1/2

[Event "Oberliga NRW"]
[Site "Aachen"]
[Date "2017.05.21"]
[Round "9"]
[White "Mastalerz, Xavier"]
[Black "Nasoyan, Maksim"]
[Result "1-0"]
[WhiteElo "2250"]
[BlackElo "1917"]
[PlyCount "49"]
[EventDate "2017.??.??"]
[WhiteTeam "DJK Aufwärts Aachen II"]
[BlackTeam "SG Ennepe-Ruhr-Süd"]

1. Nf3 Nf6 2. d4 g6 3. c4 c5 4. g3 Bg7 5. Bg2 cxd4 6. Nxd4 Nc6 7. Nc3 O-O 8.
O-O Nxd4 9. Qxd4 d6 10. Qd3 Bf5 11. e4 Be6 12. Bf4 Qc8 13. b3 Bh3 14. Bg5 Bxg2
15. Kxg2 Qd7 16. Rad1 Ng4 17. Nd5 Rae8 18. h3 Ne5 19. Qd2 f5 20. exf5 Nc6 21.
fxg6 hxg6 22. Qe3 e5 23. Qe4 Rf5 24. Be3 Qf7 25. g4 1-0

[Event "SV Dinslaken 1 - Oberhausener SV 1"]
[Site "Oberliga NRW 2016/2017"]
[Date "2017.03.05"]
[Round "7.1"]
[White "Hort, Vlastimil"]
[Black "Sielecki, Christof"]
[Result "1/2-1/2"]
[WhiteElo "2369"]
[BlackElo "2399"]
[PlyCount "151"]
[EventDate "2017.??.??"]
[WhiteTeam "Oberhausener SV 1"]
[BlackTeam "SV Dinslaken 1"]

1. e4 e5 2. Nf3 Nc6 3. Bb5 a6 4. Ba4 Nf6 5. O-O Be7 6. Re1 b5 7. Bb3 d6 8. c3
O-O 9. h3 Nb8 10. d4 Nbd7 11. Nbd2 Bb7 12. Bc2 Re8 13. a4 Bf8 14. Bd3 c6 15.
Qc2 g6 16. b3 Qc7 17. Bb2 Bg7 18. Bf1 Rac8 19. Ra2 Qb8 20. Rb1 d5 21. dxe5 Nxe4
22. Nxe4 dxe4 23. Qxe4 c5 24. Qg4 h5 25. Qg3 Nxe5 26. axb5 Bxf3 27. gxf3 h4 28.
Qg2 axb5 29. c4 b4 30. Bxe5 Bxe5 31. Bd3 Bd4 32. Be4 Qf4 33. Qg4 Qxg4+ 34. hxg4
Re7 35. Rd1 Rcc7 36. Ra8+ Kg7 37. Rd2 Kf6 38. Rda2 Kg5 39. Kg2 f5 40. gxf5 gxf5
41. Bd5 Kf4 42. Rf8 Re1 43. Be4 Rg7+ 44. Kh2 Rg5 45. Rd2 Rf1 46. Bd3 Rxf2+ 47.
Rxf2 Bxf2 48. Bc2 Bd4 49. Kh3 Bf2 50. Kh2 Ke5 51. Rd8 Bd4 52. Rd5+ Kf4 53. Kh3
Rg1 54. Rxf5+ Ke3 55. Be4 Rh1+ 56. Kg2 Ra1 57. Rf7 Ra3 58. Kh3 Rxb3 59. Kxh4
Rc3 60. Bd5 Kd3 61. Rb7 Rxc4 62. Bxc4+ Kxc4 63. f4 b3 64. f5 Kc3 65. Kg5 c4 66.
f6 b2 67. f7 Bc5 68. Kf4 Kc2 69. Ke4 c3 70. Kd5 Bf8 71. Kc4 Bg7 72. Rb8 Kd2 73.
Rb7 c2 74. Rxb2 Bxb2 75. f8=Q c1=Q+ 76. Kb5 1/2-1/2

[Event "SV Dinslaken 1 - Oberhausener SV 1"]
[Site "Oberliga NRW 2016/2017"]
[Date "2017.03.05"]
[Round "7.2"]
[White "Tereick, Benjamin"]
[Black "Becker, Marcel"]
[Result "1/2-1/2"]
[WhiteElo "2405"]
[BlackElo "2336"]
[PlyCount "71"]
[EventDate "2017.??.??"]
[WhiteTeam "SV Dinslaken 1"]
[BlackTeam "Oberhausener SV 1"]

1. c4 c6 2. e4 d5 3. exd5 cxd5 4. d4 Nf6 5. Nc3 Nc6 6. Nf3 Bg4 7. cxd5 Nxd5 8.
Qb3 Bxf3 9. gxf3 Nb6 10. Be3 e6 11. d5 exd5 12. O-O-O Be7 13. Nxd5 Nxd5 14. Bc4
Qc7 15. Bxd5 Nb4+ 16. Kb1 Nxd5 17. Qb5+ Qc6 18. Qxd5 Qxd5 19. Rxd5 b6 20. Rc1
Rd8 21. Rd4 Rxd4 22. Bxd4 Kd7 23. Bxg7 Rg8 24. Be5 Bc5 25. Bg3 Re8 26. a3 a5
27. Rc4 Re1+ 28. Ka2 Rd1 29. Rh4 Rd3 30. Rxh7 Rxf3 31. Rh6 f5 32. Be5 Bxf2 33.
h4 Rh3 34. Rf6 Rxh4 35. Rxf5 Bc5 36. Bc3 1/2-1/2

[Event "SV Dinslaken 1 - Oberhausener SV 1"]
[Site "Oberliga NRW 2016/2017"]
[Date "2017.03.05"]
[Round "7.3"]
[White "Litwak, Aleksej"]
[Black "Mundorf, Johannes"]
[Result "1/2-1/2"]
[WhiteElo "2280"]
[BlackElo "2207"]
[PlyCount "186"]
[EventDate "2017.??.??"]
[WhiteTeam "Oberhausener SV 1"]
[BlackTeam "SV Dinslaken 1"]

1. e4 c5 2. Nf3 e6 3. d4 cxd4 4. Nxd4 Nf6 5. Nc3 Nc6 6. Ndb5 d6 7. Bf4 e5 8.
Bg5 a6 9. Na3 Be6 10. Nc4 Rb8 11. Be2 b5 12. Ne3 Be7 13. Bxf6 Bxf6 14. O-O O-O
15. Ncd5 Bg5 16. c3 a5 17. Qd3 Ne7 18. Nxe7+ Qxe7 19. Nd5 Qa7 20. Rad1 Rfd8 21.
Qg3 Be7 22. Bg4 Qd7 23. h3 Kh8 24. Rd3 g6 25. Rfd1 f5 26. Nxe7 Qxe7 27. Rxd6 f4
28. Qd3 Rxd6 29. Qxd6 Qxd6 30. Rxd6 Bxa2 31. Be6 Bc4 32. Ra6 Kg7 33. Bxc4 bxc4
34. Rxa5 Rxb2 35. Rc5 Rb1+ 36. Kh2 Rb2 37. Kg1 Rb1+ 38. Kh2 Rb2 39. f3 Rc2 40.
Rxc4 g5 41. Rc7+ Kg6 42. Re7 Rxc3 43. Rxe5 Kh5 44. Re6 Rc2 45. Rd6 Rb2 46. Rf6
Rc2 47. h4 h6 48. hxg5 hxg5 49. Kh3 Rc1 50. g4+ fxg3 51. Kxg3 Rc3 52. Rd6 Rb3
53. Rd8 Rb1 54. Kf2 Rb2+ 55. Ke3 Kg6 56. Rd6+ Kf7 57. Rc6 Rb4 58. Rd6 Ra4 59.
Rd4 Ra2 60. Rd2 Ra5 61. Rg2 Kf6 62. Kf2 Ra1 63. Kg3 Rh1 64. Ra2 Rg1+ 65. Kf2
Rb1 66. Ra6+ Kf7 67. Ra3 Kf6 68. Rd3 Ra1 69. Rd5 Rb1 70. Rf5+ Kg6 71. Ke3 Ra1
72. Rd5 Ra4 73. Rd6+ Kf7 74. e5 Rh4 75. Rd4 Rh1 76. Ke4 Rh4+ 77. Kd5 Rh3 78.
Ke4 Rh4+ 79. Ke3 Rh1 80. Rg4 Re1+ 81. Kd4 Kg6 82. f4 Kf5 83. Rxg5+ Kxf4 84. Rh5
Ra1 85. Kd5 Ra6 86. Rh4+ Kf5 87. Rh5+ Kf4 88. Rh4+ Kf5 89. Rh1 Ra5+ 90. Kd6
Ra6+ 91. Kd5 Ra5+ 92. Kd4 Ra4+ 93. Kd5 Ra5+ 1/2-1/2

[Event "SV Dinslaken 1 - Oberhausener SV 1"]
[Site "Oberliga NRW 2016/2017"]
[Date "2017.03.05"]
[Round "7.4"]
[White "Walter, Andreas"]
[Black "Kaufeld, Juergen"]
[Result "1/2-1/2"]
[WhiteElo "2132"]
[BlackElo "2266"]
[PlyCount "35"]
[EventDate "2017.??.??"]
[WhiteTeam "SV Dinslaken 1"]
[BlackTeam "Oberhausener SV 1"]

1. d4 Nf6 2. Nf3 g6 3. g3 Bg7 4. Bg2 O-O 5. O-O d5 6. Be3 Nc6 7. c3 Re8 8. Qc1
e5 9. Nxe5 Nxe5 10. dxe5 Rxe5 11. Rd1 c6 12. c4 Qe8 13. Bd4 Rxe2 14. Nc3 Re6
15. cxd5 Nxd5 16. Bxg7 Kxg7 17. Nxd5 cxd5 18. Bxd5 1/2-1/2

[Event "SV Dinslaken 1 - Oberhausener SV 1"]
[Site "Oberliga NRW 2016/2017"]
[Date "2017.03.05"]
[Round "7.5"]
[White "Kummerow, Heiko"]
[Black "Hoenig, Alexander"]
[Result "1/2-1/2"]
[WhiteElo "2165"]
[BlackElo "2133"]
[Annotator "Daniel"]
[PlyCount "85"]
[EventDate "2017.??.??"]
[WhiteTeam "Oberhausener SV 1"]
[BlackTeam "SV Dinslaken 1"]

1. e4 c6 2. d4 d5 3. exd5 cxd5 4. c4 Nf6 5. Nc3 g6 6. cxd5 Nxd5 7. Bc4 Nb6 8.
Bb3 Bg7 9. Nge2 O-O 10. O-O Nc6 11. d5 Na5 12. Bf4 Nbc4 13. Bxc4 Nxc4 14. Qb3
Nd6 15. Rfd1 Qb6 16. Qxb6 axb6 17. Bxd6 exd6 18. Rd2 Rd8 19. Nd4 Bd7 $11 20.
Re1 Kf8 21. a3 Re8 22. Kf1 Rxe1+ 23. Kxe1 Re8+ 24. Kd1 Re5 25. Ndb5 Ke7 26. h3
h5 27. Nd4 Bh6 28. Rc2 Rg5 29. Re2+ Kd8 30. f3 Bg7 31. h4 Re5 32. Kd2 Bh6+ 33.
Kd3 Bc1 34. Kc2 Rxe2+ 35. Ndxe2 Be3 36. Kd3 Bf2 37. g3 Ke7 38. Kd2 b5 39. Ne4
Bb6 40. Kd3 f5 41. N4c3 Bf2 42. f4 Kd8 43. b4 1/2-1/2

[Event "SV Dinslaken 1 - Oberhausener SV 1"]
[Site "Oberliga NRW 2016/2017"]
[Date "2017.03.05"]
[Round "7.6"]
[White "Borchert, Rene"]
[Black "Stillger, Bernhard"]
[Result "0-1"]
[WhiteElo "2115"]
[BlackElo "2248"]
[PlyCount "88"]
[EventDate "2017.??.??"]
[WhiteTeam "SV Dinslaken 1"]
[BlackTeam "Oberhausener SV 1"]

1. e4 c5 2. c3 Nf6 3. e5 Nd5 4. Nf3 d6 5. exd6 e6 6. d4 Bxd6 7. c4 Nf6 8. Nc3
O-O 9. Bg5 h6 10. Bh4 cxd4 11. Nxd4 Be5 12. Nf3 Bxc3+ 13. bxc3 Qxd1+ 14. Rxd1
Nbd7 15. Nd4 b6 16. Be2 Bb7 17. O-O Nc5 18. f3 Ba6 19. Bg3 Rac8 20. Bd6 Rfd8
21. Bxc5 Rxc5 22. Nb3 Rcc8 23. Rxd8+ Rxd8 24. Kf2 Rc8 25. c5 Bxe2 26. Kxe2 bxc5
27. c4 Kf8 28. Kd3 Ke7 29. Kc3 Nd7 30. Rd1 g5 31. Na5 Nb6 32. h4 Kf6 33. h5 Kf5
34. g3 Rc7 35. Nb3 Nd7 36. Re1 g4 37. f4 e5 38. Rf1 Nf6 39. fxe5+ Kxe5 40. Re1+
Ne4+ 41. Kc2 f5 42. Rd1 Nxg3 43. Rd5+ Kf6 44. Nxc5 Nxh5 0-1

[Event "SV Dinslaken 1 - Oberhausener SV 1"]
[Site "Oberliga NRW 2016/2017"]
[Date "2017.03.05"]
[Round "7.7"]
[White "Ciornei, Dragos"]
[Black "Cebulla, Konstantin"]
[Result "1/2-1/2"]
[WhiteElo "2131"]
[BlackElo "2082"]
[PlyCount "55"]
[EventDate "2017.??.??"]
[WhiteTeam "Oberhausener SV 1"]
[BlackTeam "SV Dinslaken 1"]

1. e4 e6 2. d4 d5 3. Nd2 Nc6 4. Ngf3 Nf6 5. e5 Nd7 6. Bb5 a6 7. Bxc6 bxc6 8. c4
c5 9. cxd5 exd5 10. O-O Be7 11. Nb3 c6 12. Bd2 O-O 13. dxc5 f6 14. e6 Nxc5 15.
Nxc5 Bxc5 16. Qc2 Bd6 17. Qxc6 Bxe6 18. Nd4 Bf7 19. Bc3 Qb8 20. h3 Rc8 21. Qd7
Ra7 22. Qg4 h5 23. Qf3 Be5 24. Rad1 Rac7 25. Rfe1 Rc4 26. Rd3 Qb6 27. Red1 Kh8
28. R3d2 1/2-1/2

[Event "SV Dinslaken 1 - Oberhausener SV 1"]
[Site "Oberliga NRW 2016/2017"]
[Date "2017.03.05"]
[Round "7.8"]
[White "Brockhaus, Philip"]
[Black "Voge, Andreas"]
[Result "1/2-1/2"]
[WhiteElo "1965"]
[BlackElo "2083"]
[PlyCount "86"]
[EventDate "2017.??.??"]
[WhiteTeam "SV Dinslaken 1"]
[BlackTeam "Oberhausener SV 1"]

1. d4 d5 2. Nf3 Nc6 3. Bf4 Bg4 4. e3 e6 5. c4 Bb4+ 6. Nc3 Nge7 7. Rc1 Ng6 8.
Bg3 O-O 9. Be2 dxc4 10. Bxc4 e5 11. dxe5 Qe7 12. O-O Bxc3 13. Rxc3 Ngxe5 14.
Be2 Rad8 15. Qc2 Nxf3+ 16. Bxf3 Bxf3 17. gxf3 Rd7 18. Rd1 Rfd8 19. Rcd3 Rxd3
20. Rxd3 Rxd3 21. Qxd3 Nb4 22. Qb3 c6 23. a3 Nd5 24. e4 Nb6 25. a4 Qc5 26. Qd1
h6 27. b3 Qe7 28. Qd4 Qd7 29. Qc3 Nc8 30. Bf4 Ne7 31. Qd2 Qxd2 32. Bxd2 Kf8 33.
Kf1 Ke8 34. Ke2 Kd7 35. Bc3 g6 36. f4 Ke6 37. Kd3 f5 38. f3 g5 39. fxg5 hxg5
40. Ke3 Ng6 41. a5 f4+ 42. Ke2 b6 43. axb6 axb6 1/2-1/2

[Event "SG Porz 2 - SG Ennepe-Ruhr-Süd 1"]
[Site "Oberliga NRW 2016/2017"]
[Date "2017.03.05"]
[Round "7.1"]
[White "Lupor, Stefan"]
[Black "Rotstein, Arkadij"]
[Result "0-1"]
[WhiteElo "2283"]
[BlackElo "2480"]
[PlyCount "78"]
[EventDate "2017.??.??"]
[WhiteTeam "SG Ennepe-Ruhr-Süd 1"]
[BlackTeam "SG Porz 2"]

1. e4 c5 2. Nf3 e6 3. d4 cxd4 4. Nxd4 a6 5. Bd3 Nf6 6. O-O Qc7 7. Qe2 d6 8. f4
Nbd7 9. c4 g6 10. f5 e5 11. Nc2 b6 12. Nc3 Bb7 13. Bg5 Be7 14. Ne3 h6 15. Bxf6
Nxf6 16. fxg6 fxg6 17. Ned5 Bxd5 18. exd5 Rg8 19. Ne4 Nxe4 20. Bxe4 O-O-O 21.
b4 Kb8 22. Rf7 Rd7 23. a4 Rc8 24. a5 Qxc4 25. Qxc4 Rxc4 26. Bxg6 b5 27. Rh7
Rxb4 28. Be8 Rc7 29. Bc6 Bf8 30. Rf1 Rxh7 31. Rxf8+ Kc7 32. Ra8 Rb1+ 33. Kf2
Rf7+ 34. Ke3 Rb3+ 35. Ke2 Rf4 36. Ra7+ Kd8 37. Rd7+ Ke8 38. Rxd6+ Kf7 39. Rxh6
Ra4 0-1

[Event "SG Porz 2 - SG Ennepe-Ruhr-Süd 1"]
[Site "Oberliga NRW 2016/2017"]
[Date "2017.03.05"]
[Round "7.2"]
[White "Malykin, Vitaly"]
[Black "Lupor, André"]
[Result "1/2-1/2"]
[WhiteElo "2367"]
[BlackElo "2189"]
[PlyCount "39"]
[EventDate "2017.??.??"]
[WhiteTeam "SG Porz 2"]
[BlackTeam "SG Ennepe-Ruhr-Süd 1"]

1. Nf3 Nf6 2. c4 g6 3. Nc3 d5 4. cxd5 Nxd5 5. Qa4+ Nc6 6. Ne5 Qd6 7. Nxc6 Qxc6
8. Qxc6+ bxc6 9. g3 Bg7 10. Bg2 Be6 11. O-O Rb8 12. b3 Nb4 13. Bb2 O-O 14. Na4
Bxb2 15. Nxb2 Rfd8 16. d3 Nc2 17. Rac1 Nb4 18. Ra1 Nc2 19. Rac1 Nb4 20. Ra1
1/2-1/2

[Event "SG Porz 2 - SG Ennepe-Ruhr-Süd 1"]
[Site "Oberliga NRW 2016/2017"]
[Date "2017.03.05"]
[Round "7.3"]
[White "Arndt, Stefan"]
[Black "Korotkjevich, Stanislav"]
[Result "0-1"]
[WhiteElo "2135"]
[BlackElo "2354"]
[PlyCount "96"]
[EventDate "2017.??.??"]
[WhiteTeam "SG Ennepe-Ruhr-Süd 1"]
[BlackTeam "SG Porz 2"]

1. e4 g6 2. d4 Bg7 3. Nc3 c6 4. Nf3 d5 5. h3 dxe4 6. Nxe4 Nd7 7. Bd3 Ngf6 8.
Qe2 O-O 9. O-O Nxe4 10. Qxe4 c5 11. c3 cxd4 12. cxd4 Nf6 13. Qh4 b6 14. Rd1 Bb7
15. Ne5 Qd5 16. f3 Rac8 17. b3 Qe6 18. Re1 Qd6 19. Nc4 Qd7 20. Ne5 Qd8 21. Ba3
Re8 22. Bb5 Rf8 23. Bc4 Rc7 24. Rad1 Bd5 25. Bd3 Be6 26. Bb5 Qa8 27. Bc1 Nd5
28. Bc4 b5 29. Bxd5 Qxd5 30. Bh6 Bf6 31. Qg3 Rfc8 32. Ng4 Bxg4 33. Qxg4 Rc2 34.
Bf4 h5 35. Qg3 Rxa2 36. Be5 Rcc2 37. Bxf6 exf6 38. Rd3 Qf5 39. Re8+ Kg7 40.
Rde3 h4 41. Qxh4 Rxg2+ 42. Kh1 Rh2+ 43. Kg1 Rag2+ 44. Kf1 Qb1+ 45. Qe1 Rf2+ 46.
Kg1 Qc2 47. Rc3 Rfg2+ 48. Kf1 Rh1# 0-1

[Event "SG Porz 2 - SG Ennepe-Ruhr-Süd 1"]
[Site "Oberliga NRW 2016/2017"]
[Date "2017.03.05"]
[Round "7.4"]
[White "Peschlow, Patrick"]
[Black "Tripolsky, Eugen"]
[Result "1/2-1/2"]
[WhiteElo "2316"]
[BlackElo "2203"]
[PlyCount "53"]
[EventDate "2017.??.??"]
[WhiteTeam "SG Porz 2"]
[BlackTeam "SG Ennepe-Ruhr-Süd 1"]

1. e4 d6 2. d4 Nf6 3. Nc3 g6 4. f4 Bg7 5. Bd3 O-O 6. Nf3 Nh5 7. O-O Bg4 8. Be3
e5 9. dxe5 dxe5 10. f5 Nc6 11. h3 Bxf3 12. Qxf3 Nd4 13. Qf2 c6 14. Rad1 Qc7 15.
g4 Nf4 16. Kh2 g5 17. Rd2 Rad8 18. Rfd1 b6 19. Ne2 Ndxe2 20. Bxe2 Bf6 21. Bf1
Kg7 22. Rxd8 Rxd8 23. Rxd8 Qxd8 24. Qd2 Qc7 25. Qc3 Qd6 26. Qd2 Qc7 27. Qc3
1/2-1/2

[Event "SG Porz 2 - SG Ennepe-Ruhr-Süd 1"]
[Site "Oberliga NRW 2016/2017"]
[Date "2017.03.05"]
[Round "7.5"]
[White "Heller, Achim"]
[Black "Fieberg, Samuel"]
[Result "1/2-1/2"]
[WhiteElo "2048"]
[BlackElo "2178"]
[PlyCount "86"]
[EventDate "2017.??.??"]
[WhiteTeam "SG Ennepe-Ruhr-Süd 1"]
[BlackTeam "SG Porz 2"]

1. d4 d5 2. c4 c6 3. cxd5 cxd5 4. Nc3 Nf6 5. Nf3 Nc6 6. Bf4 e6 7. e3 Be7 8. Bd3
O-O 9. Ne5 Nxe5 10. Bxe5 Bd7 11. O-O Bc6 12. Rc1 Ne4 13. f3 Nd6 14. Bxd6 Qxd6
15. f4 a6 16. Qh5 f5 17. g4 b5 18. Rf2 g6 19. Qh6 Rf7 20. Rfc2 Bf8 21. Qh3 Rc7
22. Nb1 Rac8 23. Qg2 Bd7 24. gxf5 Rxc2 25. Rxc2 exf5 26. Rxc8 Bxc8 27. Qc2 Bd7
28. Nd2 Qc6 29. Qxc6 Bxc6 30. Nf3 Kg7 31. Ne5 Be8 32. a4 Kf6 33. axb5 axb5 34.
Bc2 Ke6 35. Kf2 Be7 36. Nf3 h6 37. h4 b4 38. Bd3 Ba4 39. Ke2 Bb3 40. Kd2 Ba4
41. Bc2 Bb5 42. Bd3 Ba4 43. Bc2 Bb5 1/2-1/2

[Event "SG Porz 2 - SG Ennepe-Ruhr-Süd 1"]
[Site "Oberliga NRW 2016/2017"]
[Date "2017.03.05"]
[Round "7.6"]
[White "Wagenknecht, Uwe"]
[Black "Osswald, Luis Monty"]
[Result "1-0"]
[WhiteElo "2176"]
[BlackElo "2094"]
[PlyCount "57"]
[EventDate "2017.??.??"]
[WhiteTeam "SG Porz 2"]
[BlackTeam "SG Ennepe-Ruhr-Süd 1"]

1. c4 c5 2. Nc3 b6 3. e4 e6 4. g3 Bb7 5. Bg2 Nf6 6. Nge2 a6 7. O-O Qc7 8. d3 d6
9. h3 h5 10. f4 Nbd7 11. Be3 Rc8 12. Rc1 Be7 13. Bf3 g5 14. fxg5 Nh7 15. h4 Ne5
16. Nf4 Nxf3+ 17. Qxf3 Bxg5 18. hxg5 Nxg5 19. Qg2 Qe7 20. Nh3 Nxh3+ 21. Qxh3 h4
22. Rc2 Kd7 23. g4 Rcg8 24. Rcf2 Rh7 25. Rf6 Ke8 26. g5 Bc8 27. Kh2 Qb7 28. Qf3
b5 29. g6 1-0

[Event "SG Porz 2 - SG Ennepe-Ruhr-Süd 1"]
[Site "Oberliga NRW 2016/2017"]
[Date "2017.03.05"]
[Round "7.7"]
[White "Bruchmann, Norbert"]
[Black "Liard, Thibaud"]
[Result "0-1"]
[WhiteElo "2007"]
[BlackElo "2129"]
[PlyCount "54"]
[EventDate "2017.??.??"]
[WhiteTeam "SG Ennepe-Ruhr-Süd 1"]
[BlackTeam "SG Porz 2"]

1. e4 c5 2. Nc3 Nc6 3. f4 g6 4. Nf3 Bg7 5. Bb5 Nd4 6. O-O a6 7. Bd3 d6 8. Nxd4
cxd4 9. Ne2 Nf6 10. h3 O-O 11. c3 e5 12. cxd4 exf4 13. Bc2 Nh5 14. d3 g5 15.
Bd2 Ng3 16. Nxg3 Bxd4+ 17. Kh1 fxg3 18. Qh5 f6 19. Bxg5 fxg5 20. Bb3+ Kh8 21.
Rf7 Rxf7 22. Qxf7 Bd7 23. Rf1 Bg7 24. Qh5 Rc8 25. Bd5 Qf6 26. Rd1 Rf8 27. Qe2
Bg4 0-1

[Event "SG Porz 2 - SG Ennepe-Ruhr-Süd 1"]
[Site "Oberliga NRW 2016/2017"]
[Date "2017.03.05"]
[Round "7.8"]
[White "Ramien, David"]
[Black "Schaefer, Martin"]
[Result "0-1"]
[WhiteElo "2044"]
[BlackElo "1931"]
[PlyCount "54"]
[EventDate "2017.??.??"]
[WhiteTeam "SG Porz 2"]
[BlackTeam "SG Ennepe-Ruhr-Süd 1"]

1. e4 c5 2. Nf3 Nc6 3. d4 cxd4 4. Nxd4 e5 5. Nb5 d6 6. a4 a6 7. N5a3 f5 8. exf5
Bxf5 9. Nc3 Be7 10. Bc4 Nf6 11. Bg5 Nd4 12. Bxf6 Bxf6 13. Nd5 Rc8 14. Ne3 Be6
15. c3 Bxc4 16. Naxc4 d5 17. Nxe5 Ne6 18. Nxd5 O-O 19. Nf3 Rc5 20. Ne3 Qb6 21.
Qc2 Nd4 22. Qb1 Nxf3+ 23. gxf3 Bg5 24. Qa2+ Kh8 25. Nc2 Re5+ 26. Kf1 Rxf3 27.
Nd4 Bh4 0-1